000 00545nam a2200169Ia 4500
008 090711s9999 xx 000 0 und d
082 _b31786
100 _aबेहेरे श्री. ना.
245 _aफोटोग्राफी
260 _bउद्यम प्रकाशन
_c1973
300 _a162
600 _aबेहेरे श्री. ना.
630 _aफोटोग्राफी
700 _aबेहेरे श्री. ना.
730 _aफोटोग्राफी
942 _cBOOK
999 _c329043
_d329043